banner koha

Cultivo unialgal de Tetraselmis chuii Butcher (Prasinophyceae-Pynamimonadales)com fertilizante agricola em diferentes salinidades (Registro n. 156659)

MARC details
000 -LÍDER
campo de controle de tamanho fixo 00880nas a2200289 4500
001 - NÚMERO DE CONTROLE
campo de controle BR9704750
003 - IDENTIFICADOR DO NÚMERO DE CONTROLE
campo de controle BR-BrBNA
005 - DATA E HORÁRIO DA ÚLTIMA TRANSAÇÃO
campo de controle 20231205100543.0
007 - CAMPO FIXO DE DESCRIÇÃO FÍSICA--INFORMAÇÃO GERAL
campo de controle de tamanho fixo ta
008 - CAMPO DE DADOS FIXOS--INFORMAÇÃO GERAL
campo de controle de tamanho fixo 230509b bl.|||p| |||| 00| 00por d
040 ## - FONTE DA CATALOGAÇÃO
Instituição da catalogação original BR-BrBNA
Idioma da catalogação por
Instituição que transcreveu o registro Biblioteca Nacional de Agricultura
041 ## - CÓDIGO DE IDIOMA
Código do idioma do texto/trilha sonora ou título diferente (Pt)
072 ## - CÓDIGO DE CATEGORIA DE ASSUNTO
Código de Categoria de Assunto M12
100 1# - ENTRADA PRINCIPAL--NOME PESSOAL
Nome pessoal Perfeto, P.N.M.
100 1# - ENTRADA PRINCIPAL--NOME PESSOAL
Nome pessoal Lima, R.C.
100 1# - ENTRADA PRINCIPAL--NOME PESSOAL
Nome pessoal Macada, A. de P.
100 1# - ENTRADA PRINCIPAL--NOME PESSOAL
Nome pessoal Alt, C.C.
245 1# - TÍTULO
Título Cultivo unialgal de Tetraselmis chuii Butcher (Prasinophyceae-Pynamimonadales)com fertilizante agricola em diferentes salinidades
650 ## - ASSUNTO--TERMO TÓPICO
Cabeçalho tópico ou nome geográfico Alga Marinha
650 ## - ASSUNTO--TERMO TÓPICO
Cabeçalho tópico ou nome geográfico Producao
650 ## - ASSUNTO--TERMO TÓPICO
Cabeçalho tópico ou nome geográfico Fertilizante
650 ## - ASSUNTO--TERMO TÓPICO
Cabeçalho tópico ou nome geográfico Salinidade
650 ## - ASSUNTO--TERMO TÓPICO
Cabeçalho tópico ou nome geográfico Estufa
773 0# - ENTRADA ANALÍTICA
Título Iheringia. Serie Botanica (Brazil)
ISSN - International Standard Serial Number ISSN 0073-4705
Partes relacionadas (May 1997), no. 48 p. 3-14
Número de controle do registro BR9704750
909 ## -
-- 202311
-- Lúcia
-- 55
-- Lúcia Elande
942 ## - ELEMENTOS DE ENTRADA ADICIONADOS (KOHA)
Fonte da classificação ou esquema de arquivamento na estante Classificação AGRIS
Ocultar no OPAC Não
Tipo de material Koha Analítica
Exemplares
Situação do descarte Fonte da classificação ou esquema de arquivamento na estante Situação física Não pode ser emprestado Biblioteca de origem Biblioteca atual Localização na estante Enumeração do periódico / cronologia Total de empréstimos Data de último acesso Número do exemplar Tipo de material Koha Fonte de aquisição
  Classificação AGRIS   Consulta local Biblioteca Nacional de Agricultura - Binagri Biblioteca Nacional de Agricultura - Binagri   (May 1997), no. 48 p. 3-14   29/11/2023 01 Periódicos Portaria Interministerial nº 164/94

BINAGRI

Telefone: (61)3218-2567/2388/3357/2097 - binagri@agro.gov.br

Ministério da Agricultura e Pecuária , Esplanada dos Ministérios, Bloco D, Anexo B, Brasília/DF, CEP: 70.043-900